zpět

Detail výsledku týmu

The Pub Praha 2 ST, Praha

Datum a čas kvízu

24 Celkem bodů Celkový počet nahraných bodů na tomto kvízu bez doplňovacích otázek.
11. Pořadí na kvízu Konečné umístění týmu na tomto kvízu.

Zaznamenané odpovědi

# Otázka Odpověď Body Výsledky
1. Minulý týden nastal poměrně vz... 9. 10. (2019) 0
2. Americká společnost Johnson &... narostla mu prsa 0
3. Ti z Vás, kdo pravidelně sledu... zavedení lokalizované (české) verze nabídky 1
4. Univerzita Karlova uzavřela pa... Home Credit 1
5. 129. ročník jednoho z nejtěžší... Theophilos, Josef Bartoš 0
6. Téma o Brazílii zvítězilo ve f... pátou a pátou 0
7. Pokud bychom chtěli v říjnu 20... v Curychu 1
8. Věříme, že většina z Vás bude... Paulo Coelho, Jorge Amado 0.5
9. Především venkovská brazilská... maniok 1
10. Co se týče slavných osobností,... Alessandra Ambrosio 0